Segíthet a tudománynak a közoktatás? a válaszhoz nem kell kérdőjel /

Elmentve itt :
Bibliográfiai részletek
Szerző: Újszászi Ilona
További közreműködők: Bartha Karina
Dokumentumtípus: Cikk
Megjelent: 2026-04-02
Sorozat:SZTE Info
Kulcsszavak:Szegedi Akadémiai Bizottság - SZAB, Jubileum - alapításának 65., Konferencia, Előadás, Volt egyetemi hallgató - Gál Béla - SZTE Junior Akadémia oktatója - biológia-kémia szakos középiskolai tanár - nyugalmazott gimnáziumi igazgató, Radnóti Miklós Kísérleti Gimnázium, SZTE Junior Akadémia, Tehetséggondozás, Szegedi Akadémiai Bizottság Székháza - SZAB Székház
Online Access:http://univ.bibl.u-szeged.hu/77154
LEADER 01145nab a2200181 i 4500
001 univ77154
005 20260407110800.0
008 260407s2026 hu o 000 hun d
040 |a SZTE UnivHistória Repozitórium  |b hun 
041 |a hun 
100 1 |a Újszászi Ilona 
245 1 0 |a Segíthet a tudománynak a közoktatás?   |h [elektronikus dokumentum] :  |b a válaszhoz nem kell kérdőjel /  |c  Újszászi Ilona 
260 |c 2026-04-02 
490 0 |a SZTE Info 
561 |a Egyetemi hirarchívum 
695 |a Szegedi Akadémiai Bizottság - SZAB, Jubileum - alapításának 65., Konferencia, Előadás, Volt egyetemi hallgató - Gál Béla - SZTE Junior Akadémia oktatója - biológia-kémia szakos középiskolai tanár - nyugalmazott gimnáziumi igazgató, Radnóti Miklós Kísérleti Gimnázium, SZTE Junior Akadémia, Tehetséggondozás, Szegedi Akadémiai Bizottság Székháza - SZAB Székház 
700 0 1 |a Bartha Karina 
856 4 0 |u http://univ.bibl.u-szeged.hu/77154/1/Szegedi%20Tudom%C3%A1nyegyetem%20_%20Seg%C3%ADthet%20a%20tudom%C3%A1nynak%20a%20k%C3%B6zoktat%C3%A1s_%20A%20v%C3%A1laszhoz%20nem%20kell%20k%C3%A9rd%C5%91jel.pdf  |z Dokumentum-elérés